NuvaRing

Bibliographic Details
Main Author: Cupaník, Vladimír (Author)
Format: Article
Language:Slovak
ISSN:1336-3425
Subjects:

MARC

LEADER 00000nab a2200000 a 4500
001 vtls008876499
003 SK-MaSNL
005 20260304144910.0
008 250505c2006 xo 0 slo
015 |a SNBCL2005/5 
035 |a SLK038170 
035 |a urn:nbn:sk:snk-abylx 
035 |a (urnnbn)urn:nbn:sk:snk:ar-a05iq9 
035 |a (uuid)bef1571d-d72a-4b80-956a-55e23aef1bf7 
040 |a SNKBUCL  |b slo  |c SNKBUCL  |e AACR2 
041 0 |a slo 
044 |a xo  |c SK 
080 |a 615.477.87  |2 1981 
100 1 |a Cupaník, Vladimír  |4 aut  |9 10923 
245 1 0 |a NuvaRing  |c Vladimír Cupaník 
650 0 7 |a prípravky antikoncepčné pre ženy  |2 MESH  |9 1466861 
650 0 7 |a implantáty liekové  |2 MESH  |9 1466862 
650 0 7 |a vagína  |2 MESH  |9 50818 
650 0 7 |a etinylestradiol  |2 MESH  |9 29485 
773 0 |t Gynekológia pre prax  |g Roč. 4, č. 1 (2006), s. [42]  |x 1336-3425 
850 |a Slovenská národná knižnica 
852 |a Slovenská národná knižnica 
954 |a odborná, vedecká literatúra pôvodná (slovenská)  |2 lita 
958 |a article27 
958 |a OND 
958 |a EUIPO 
999 |c 2933834  |d 2935764